000 01019nas a2200325 4500
001 BR0504844
003 BR-BrBNA
005 20231205105653.0
007 ta
008 230509b bl.|||p| |||| 00| 00por d
040 _aBR-BrBNA
_bpor
_cBiblioteca Nacional de Agricultura
041 _a(Pt)
072 _aH60
100 1 _aVidal, R.A.
100 1 _aWinkler, L.M.
100 1 _aHernandes, G.C.
100 1 _aFleck, N.G.
100 1 _aMerotto Junior, A.
100 1 _aTrezzi, M.M.
245 1 _aA field survey of crop management practices and distribution of als resistant Euphorbia heterophylla in two states in Southern Brazil
650 _aEUPHOBIA HETEREROPHYLLA
650 _aAMENDOIM BRAVO
650 _aRESISTÊNCIA A PESTICIDA
650 _aMANEJO DO SOLO
650 _aROTAÇÃO DE CULTURA
650 _aHERBICIDA
773 0 _tPlanta Daninha (Brazil)
_xISSN 0100-8358
_g(Jul-Sep 2004), v. 22(3) p. 403-410
_wBR0504844
909 _a202311
_bLúcia
_c55
_dLúcia Elande
942 _2AGRIS
_n0
_cANA
999 _c184060
_d184060